000 00341nam a2200157Ia 4500
005 20250425161624.0
008 250425s9999 xx 000 0 und d
041 _aspa
082 _aIBM4381
245 0 _aSUBPRODUCTOS ANIMALES
250 _aS.E.
260 _aS.L.
260 _aSin Pais
_bTRIL
_c1982
942 _c01
010 _a24437
999 _c212757
_d212757